Statistics for 東京理科大学の学科

Click here to take the quiz!

General Stats

  • This quiz has been taken 22 times
    (11 since last reset)
  • The average score is 15 of 35

Answer Stats

キャンパス学部Answer% Correct
神楽坂キャンパス理学部第一部数学科
100%
理学部第二部数学科
100%
化学科
100%
物理学科
100%
(富士見校舎)経営学部経営学科
100%
応用化学科
100%
応用物理学科
100%
応用数学科
100%
化学科
100%
物理学科
100%
(富士見校舎)ビジネスエコノミクス学科
75%
薬学部薬学科
75%
情報工学科
50%
機械工学科
50%
電気電子情報工学科
25%
野田キャンパス創域理工学部数理科学科
25%
先端化学科
25%
物理工学科
25%
葛飾キャンパス工学部建築学科
25%
社会基盤工学科
25%
建築学科
25%
(長万部キャンパス)国際デザイン経営学科
25%
先端物理学科
25%
経営システム工学科
0%
機械航空宇宙工学科
0%
建築学科夜間主社会人コース
0%
生命生物科学科
0%
情報計算科学科
0%
機能デザイン工学科
0%
生命システム工学科
0%
マテリアル創成工学科
0%
先進工学部電子システム工学科
0%
電気工学科
0%
工業化学科
0%
生命創薬科学科
0%

Score Distribution

Percentile by Number Answered

Percent of People with Each Score

Your Score History

You have not taken this quiz since the last reset